[Event "EU-ch Cities&Town U18 op"]
[Site "Tornelo INT"]
[Date "2023.01.29"]
[Round "?"]
[White "Codru, Raul Cristian"]
[Black "Mohonea, Alexandru"]
[Result "1-0"]
[WhiteElo "1344"]
[BlackElo "1329"]
[PlyCount "87"]
[EventDate "2023.01.29"]
[EventType "team-swiss"]
[EventRounds "9"]
[EventCountry "NET"]
[SourceTitle "CBM 212 Extra"]
[Source "ChessBase"]
[SourceDate "2023.03.31"]
[SourceVersion "1"]
[SourceVersionDate "2023.03.31"]
[SourceQuality "1"]
[WhiteTeam "Iasi Region"]
[BlackTeam "Galati CSM"]
[WhiteTeamCountry "ROU"]
[BlackTeamCountry "ROU"]

1. d4 Nf6 2. c4 g6 3. Nc3 Bg7 4. e4 d6 5. f3 0-0 6. Be3 c5 7. d5 a6 8. Qd2 Bd7 9. Bd3 Qa5 10. Nge2 b5 11. cxb5 axb5 12. 0-0 Ne8 13. a3 Nc7 14. Rfb1 Qa6 15. b4 c4 16. Bc2 Qb7 17. Bd4 Bxd4+ 18. Nxd4 Qb6 19. Kh1 e5 20. dxe6 Nxe6 21. Nxe6 Bxe6 22. Rd1 Rd8 23. e5 d5 24. Be4 Nc6 25. Bxd5 Nxe5 26. Qg5 Nd3 27. Rd2 Bxd5 28. Nxd5 Nf2+ 29. Rxf2 Qxf2 30. Nf6+ Kg7 31. Nh5+ Kg8 32. Nf6+ Kg7 33. Nh5+ Kf8 34. Qh6+ Ke8 35. Nf6+ Ke7 36. Ne4 Qd4 37. Re1 Qe5 38. Qh4+ f6 39. Nxf6 g5 40. Rxe5+ Kxf6 41. Qxg5+ Kf7 42. Re7+ Kf8 43. Qf6+ Kg8 44. Qg7# 1-0